| 000 | 00844nam a22002657a 4500 | ||
|---|---|---|---|
| 003 | CBULib | ||
| 005 | 20230727125547.0 | ||
| 008 | 230503b |||||||| |||| 00| 0 eng d | ||
| 020 | _a9780128139851 | ||
| 040 |
_aCBULib _cCBULib _bEnglish _erda |
||
| 041 | _aeng | ||
| 050 | _aBF 698 Sch | ||
| 100 |
_aSchwartz, Wynn _9305 |
||
| 245 |
_aDescriptive psychology and the person concept : essential attributes of persons and behavior _c/ by Wynn Schwartz |
||
| 260 |
_aLondon : _bAcademic Press, _c2019 |
||
| 300 | _axii, 269 pages: illustrations | ||
| 336 |
_2rdacontent _aText | _btxt |
||
| 337 |
_2rdamedia _aUnmediated | _bn |
||
| 338 |
_2rdacarrier _aVolume _bnc |
||
| 504 | _aIncludes bibliographic refereces and index. | ||
| 650 | 0 |
_aPSYCHOLOGY _9306 |
|
| 650 | 0 |
_aPERSONALITY _9307 |
|
| 650 | 0 |
_aHUMAN BEHAVIOR _9308 |
|
| 942 |
_c002 _2lcc |
||
| 999 |
_c77730 _d77730 |
||